North & South American Borders Quiz Stats

Quiz Updated Apr 24, 2013

Also try: African Borders
Challenge
Share
Tweet
Embed
Score 0/26 Timer 03:00
9 Plays Today
Country Longest Border With... % Correct
ArgentinaChile
98.6%
CanadaUnited States
94.5%
ChileArgentina
92.6%
BoliviaBrazil
88.6%
Dominican RepublicHaiti
86%
ColombiaVenezuela
82.6%
MexicoUnited States
80.8%
BrazilBolivia
80%
HaitiDominican Republic
79.2%
Costa RicaPanama
78.7%
EcuadorPeru
77.8%
BelizeGuatemala
77.2%
GuyanaBrazil
71.2%
Country Longest Border With... % Correct
El SalvadorHonduras
70.3%
GuatemalaMexico
67.8%
HondurasNicaragua
64%
FranceBrazil
63.9%
United StatesCanada
61.4%
PanamaCosta Rica
59.2%
NicaraguaHonduras
58.4%
ParaguayArgentina
55.1%
PeruBrazil
54.8%
UruguayBrazil
51.5%
VenezuelaBrazil
49%
SurinameGuyana
48.6%
NetherlandsFrance (Saint-Martin)
36.7%

You're not logged in!

Compare scores with friends on all Sporcle quizzes.
Join for Free
OR
Log In

You Might Also Like...

Show Comments

Extras

Top Quizzes Today


Score Distribution

Your Account Isn't Verified!

In order to create a playlist on Sporcle, you need to verify the email address you used during registration. Go to your Sporcle Settings to finish the process.

Report this User

Report this user for behavior that violates our Community Guidelines.

Details: